Tallest Point In Every U.S. State (+D.C.) - Statistics

General Stats
  • This quiz has been taken 11 times
  • The average score is 18 of 51
Answer Stats
State Answer % Correct
Alaska Denali
100%
New Hampshire Mt. Washington
89%
Washington Mt. Rainier
78%
Oregon Mt. Hood
67%
California Mt. Whitney
67%
Kentucky Black Mountain
56%
Hawaii Mauna Kea
56%
Colorado Mt. Elbert
56%
Maine Mt. Katahdin
56%
Oklahoma Black Mesa
44%
Texas Guadalupe Peak
44%
New Jersey High Point
44%
Pennsylvania Mt. Davis
44%
New York Mt. Marcy
44%
North Carolina Mt. Mitchell
44%
Kansas Mt. Sunflower
44%
South Dakota Black Elk Peak
33%
Nevada Boundary Peak
33%
Georgia Brasstown Bald
33%
Florida Britton Hill
33%
Tennessee Clingmans Dome
33%
Minnesota Eagle Mountain
33%
Delaware Ebright Azimuth
33%
Rhode Island Jerimoth Hill
33%
Utah Kings Peak
33%
Massachusetts Mt. Greylock
33%
Nebraska Panorama Point
33%
Idaho Borah Peak
22%
Ohio Campbell Hill
22%
Illinois Charles Mound
22%
Alabama Cheaha Mountain
22%
Wyoming Gannett Peak
22%
Montana Granite Peak
22%
Iowa Hawkeye Point
22%
Maryland Hoye-Crest
22%
Arizona Humphreys Peak
22%
Michigan Mt. Arvon
22%
Arkansas Mt. Magazine
22%
Vermont Mt. Mansfield
22%
Virginia Mt. Rogers
22%
District of Columbia Point Reno
22%
South Carolina Sassafras Mountain
22%
West Virginia Spruce Knob
22%
Missouri Taum Sauk Mountain
22%
Wisconsin Timms Hill
22%
New Mexico Wheeler Peak
22%
North Dakota White Butte
22%
Mississippi Woodall Mountain
22%
Louisiana Driskill Mountain
11%
Indiana Hoosier Hill
11%
Connecticut Mt. Frissell
11%
No matching quizzes found
Score Distribution
Percent of People with Each Score
Percentile by Number Answered
Your Score History
You have not taken this quiz